Southville International School and Colleges

Effects of time window size and placement on the structure of an aggregated communication network (Record no. 354220)

000 -LEADER
fixed length control field 00474nam a2200097Ia 4500
008 - FIXED-LENGTH DATA ELEMENTS--GENERAL INFORMATION
fixed length control field 180130s9999 xx 000 0 und d
245 ## - TITLE STATEMENT
Statement of responsibility, etc Krings, Gautier; Karsai, Marton; Bernhardsson, Sebastian; Blondel, Vincent D.; Saramaki, Jari
Title Effects of time window size and placement on the structure of an aggregated communication network
260 ## - PUBLICATION, DISTRIBUTION, ETC. (IMPRINT)
Date of publication, distribution, etc 2016
300 ## - PHYSICAL DESCRIPTION
Extent Book title: Knowledge discovery in databases--Acession number C20553; pages 1 -16
650 ## - SUBJECT ADDED ENTRY--TOPICAL TERM
Topical term or geographic name as entry element KNOWLEDGE DISCOVERY
Holdings
Lost status Withdrawn status Koha item type Damaged status Permanent Location Price effective from Date last seen Date acquired Current Location
  Book Chapter College Library2018-01-302018-01-302018-01-30College Library
Powered by Koha